Statistics for Characters from The Office

Click here to take the quiz!

General Stats

  • This quiz has been taken 347 times
  • The average score is 15 of 17

Answer Stats

HintAnswer% Correct
Steve CarellMichael
100%
Angela KinseyAngela
99%
Rainn WilsonDwight
99%
John KrasinskiJim
99%
Jenna FischerPam
99%
Phyllis SmithPhyllis
98%
Oscar NunezOscar
97%
B.J. NovakRyan
96%
Mindy KalingKelly
95%
Ed HelmsAndy
93%
Brian BaumgartnerKevin
91%
Ellie KemperErin
88%
Kate FlanneryMeredith
87%
Leslie David BakerStanley
87%
Paul LiebersteinToby
85%
Craig RobinsonDarryl
68%
Creed BrattonCreen
1%

Score Distribution

Percentile by Number Answered

Percent of People with Each Score

Your Score History

You have not taken this quiz